Mujer con alas : (Registro nro. 14566)
[ vista simple ]
| 000 -LIDER | |
|---|---|
| fixed length control field | 00804nam a2200265 4500 |
| 001 - NÚMERO DE CONTROL | |
| Identificador de número de control | 0002536 |
| 003 - IDENTIFICACDOR DE NÚMERO DE CONTROL | |
| control field | DO-SdBNP |
| 005 - DATE AND TIME OF LATEST TRANSACTION | |
| control field | 20240213121835.0 |
| 007 - CAMPOS FIJOS DE DESCRIPCIÓN FÍSICA | |
| fixed length control field | 0002536 |
| 008 - ELEMENTOS DE LONGITUD FIJA | |
| fixed length control field | 160401b 1995 mx |||| 00| 0 spa d |
| 020 ## - ISBN | |
| International Standard Book Number | 9684098464 |
| 040 ## - FUENTE DE CATALOGACIÓN | |
| Agencia que crea de manera original el registro | BPMSU |
| Idioma de catalogación | spa |
| Agencia que realiza la transcripción | BPMSU |
| 082 #4 - NÚMERO DE CLASIFICACIÓN DECIMAL DE DEWEY | |
| Classification number | 861 |
| Item number | P259m 1995 |
| Edition number | 22 |
| 100 1# - ASIENTO PRINCIPAL -- NOMBRE PERSONAL | |
| Nombre personal | Parrao, Elsa |
| 245 10 - MENCIÓN DE TITULO | |
| Título | Mujer con alas : |
| Subtítulo | (versos para elevarnos) / |
| Mención de responsabilidad | Elsa Parrao ; prólogo Juan Antonio Razo García, |
| 246 14 - VARIACION DEL TÍTULO | |
| Título propiamente dicho o título corto | Mujer con alas : |
| Subtítulo | poesía que elevan el canto |
| 260 ## - PUBLICACIÓN, DISTRIBUCIÓN, ETC. (PIE DE IMPRENTA) | |
| Lugar de publicación, distribución, etc | México : |
| Nombre del editor, distribuidor, etc. | Edamex, |
| Fecha de publicación, distribución, etc | 1995 |
| 300 ## - DESCRIPCIÓN FÍSICA | |
| Extensión | 117 p. ; |
| Dimensiones | 20 cm. |
| 590 ## - NOTA LOCAL | |
| Texto de la nota local | Inventariado, 2024/VM |
| 650 #4 - ENCABEZAMIENTO DE MATERIA--TEMÁTICO | |
| Término temático o nombre geográfico como elemento de entrada | Mujeres |
| Subdivisión de forma | Poesías |
| 650 #4 - ENCABEZAMIENTO DE MATERIA--TEMÁTICO | |
| Término temático o nombre geográfico como elemento de entrada | Poesías amorosa. |
| 700 1# - ASIENTO SECUNDARIO -- NOMBRE PERSONAL | |
| Nombre personal | Razo García, Juan Antonio |
| Mención de responsabilidad | pról. |
| 910 ## - VALIDACIÓN | |
| Validación | VMateo. Control de calidad BPMSU |
| 942 ## - ADDED ENTRY ELEMENTS (KOHA) | |
| Source of classification or shelving scheme | Dewey Decimal Classification |
| Koha item type | Libros |
| Withdrawn status | Lost status | Source of classification or shelving scheme | Damaged status | Not for loan | Collection code | Home library | Current library | Date acquired | Total Checkouts | Full call number | Barcode | Date last seen | Price effective from | Koha item type |
|---|---|---|---|---|---|---|---|---|---|---|---|---|---|---|
| Dewey Decimal Classification | Colección General | Biblioteca Pública Metropolitana Salomé Ureña | Biblioteca Pública Metropolitana Salomé Ureña | 02/13/2024 | BPMSU CG 861 P259m 1995 | BPMSU24020026 | 02/13/2024 | 02/13/2024 | Libros |